[Event "CAN-op"]
[Site "Sackville CAN"]
[Date "2001.07.07"]
[Round "1"]
[White "Angers, Gilles"]
[Black "Strojevs, Alexander"]
[Result "1-0"]
[WhiteElo "2041"]
[BlackElo "1809"]
[PlyCount "57"]
[GameId "2160767911563955"]
[EventDate "2001.07.07"]
[EventType "swiss"]
[EventRounds "10"]
[EventCountry "CAN"]
[SourceTitle "EXT 2006"]
[Source "ChessBase"]
[SourceDate "2005.11.24"]
[SourceVersion "1"]
[SourceVersionDate "2005.11.24"]
[SourceQuality "1"]

1. e4 c5 2. Nc3 Nc6 3. g3 Nf6 4. Bg2 g6 5. f4 d6 6. h3 Bg7 7. d3 a6 8. Nf3 Qc7 9. O-O O-O 10. g4 e6 11. f5 gxf5 12. exf5 exf5 13. g5 Nd7 14. Nd5 Qd8 15. Nh4 Nde5 16. Nxf5 Bxf5 17. Rxf5 f6 18. gxf6 Bxf6 19. Nxf6+ Rxf6 20. Bg5 Rxf5 21. Bxd8 Rxd8 22. c3 Rdf8 23. Qb3+ Kh8 24. Qxb7 R8f7 25. Qxa6 Ne7 26. Qxd6 N7g6 27. Rf1 Rxf1+ 28. Bxf1 Nf3+ 29. Kh1 1-0

[Event "CAN-op"]
[Site "Sackville CAN"]
[Date "2001.07.07"]
[Round "1"]
[White "Arseneau, Peter"]
[Black "MacDonald, Jonathan"]
[Result "0-1"]
[WhiteElo "1857"]
[BlackElo "2150"]
[PlyCount "66"]
[GameId "2160767911563956"]
[EventDate "2001.07.07"]
[EventType "swiss"]
[EventRounds "10"]
[EventCountry "CAN"]
[SourceTitle "EXT 2006"]
[Source "ChessBase"]
[SourceDate "2005.11.24"]
[SourceVersion "1"]
[SourceVersionDate "2005.11.24"]
[SourceQuality "1"]

1. e4 e5 2. Nf3 Nc6 3. Bb5 f5 4. Nc3 Nf6 5. Qe2 Nd4 6. Nxd4 exd4 7. exf5+ Qe7 8. Qxe7+ Bxe7 9. Ne2 c5 10. c3 a6 11. Ba4 d3 12. Ng3 b5 13. Bd1 Bb7 14. O-O O-O 15. Re1 Bd6 16. b3 Rfe8 17. Rxe8+ Rxe8 18. Bb2 Re1+ 19. Nf1 Bxh2+ 20. Kxh2 Rxf1 21. Bf3 Rxa1 22. Bxa1 Bxf3 23. gxf3 c4 24. bxc4 bxc4 25. Kg3 Nd5 26. Bb2 Kf7 27. Kg4 Kf6 28. Bc1 Ne7 29. Ba3 Nxf5 30. Bc5 d5 31. Kf4 h5 32. Bd4+ Nxd4 33. cxd4 c3 0-1

[Event "CAN-op"]
[Site "Sackville CAN"]
[Date "2001.07.07"]
[Round "1"]
[White "Bowerman, Robert"]
[Black "Jarve, Jaak"]
[Result "1-0"]
[WhiteElo "2072"]
[BlackElo "1823"]
[PlyCount "139"]
[GameId "2160767911563957"]
[EventDate "2001.07.07"]
[EventType "swiss"]
[EventRounds "10"]
[EventCountry "CAN"]
[SourceTitle "EXT 2006"]
[Source "ChessBase"]
[SourceDate "2005.11.24"]
[SourceVersion "1"]
[SourceVersionDate "2005.11.24"]
[SourceQuality "1"]

1. d4 d5 2. c4 c6 3. cxd5 cxd5 4. Nc3 Nc6 5. Bf4 e6 6. Nf3 Bb4 7. e3 Nge7 8. Bd3 Bxc3+ 9. bxc3 Qa5 10. Qc2 Bd7 11. O-O Rc8 12. Rab1 Nd8 13. Rfc1 f6 14. Bd6 Ba4 15. Qb2 Nec6 16. c4 dxc4 17. Bxc4 b5 18. Bxb5 Bxb5 19. Qxb5 Qxb5 20. Rxb5 Kd7 21. Ba3 Rb8 22. Rxb8 Nxb8 23. Nd2 Nb7 24. Ne4 h6 25. Nc5+ Nxc5 26. Rxc5 g6 27. d5 e5 28. Kf1 a6 29. Ke2 Rc8 30. Kd3 Rxc5 31. Bxc5 Kc7 32. Kc4 Nd7 33. a4 h5 34. a5 e4 35. Be7 f5 36. Kd4 Kb7 37. Bd8 Kc8 38. Bh4 Kc7 39. Bg5 Kd6 40. Bf4+ Ke7 41. h4 Kf7 42. Bg5 Ke8 43. d6 Nb8 44. Kc5 Kd7 45. Bf4 Kc8 46. Kb6 Nd7+ 47. Kxa6 Kb8 48. Kb5 Kb7 49. a6+ Ka7 50. Kc6 Nb8+ 51. Kc7 Nxa6+ 52. Kc8 Nc5 53. d7 Nb7 54. d8=Q Nxd8 55. Kxd8 Kb6 56. Ke7 Kc5 57. Kf6 Kc4 58. Kxg6 Kd3 59. Kxh5 Ke2 60. Bg3 Kf1 61. Kg6 Kxg2 62. h5 Kf3 63. h6 f4 64. Bxf4 Kxf2 65. h7 Ke2 66. h8=Q Kf3 67. Qh5+ Kf2 68. Qh2+ Kf3 69. Qh1+ Ke2 70. Qxe4 1-0

[Event "CAN-op"]
[Site "Sackville CAN"]
[Date "2001.07.07"]
[Round "1"]
[White "Caluza, Juni"]
[Black "Fischdick, Gisela"]
[Result "0-1"]
[WhiteElo "1911"]
[BlackElo "2217"]
[PlyCount "76"]
[GameId "2160767911563959"]
[EventDate "2001.07.07"]
[EventType "swiss"]
[EventRounds "10"]
[EventCountry "CAN"]
[SourceTitle "EXT 2006"]
[Source "ChessBase"]
[SourceDate "2005.11.24"]
[SourceVersion "1"]
[SourceVersionDate "2005.11.24"]
[SourceQuality "1"]

1. d4 Nf6 2. c4 e6 3. Nc3 Bb4 4. e3 c5 5. Nf3 O-O 6. Bd3 d5 7. O-O cxd4 8. exd4 dxc4 9. Bxc4 Qc7 10. Qe2 Nbd7 11. Bd2 a6 12. Bb3 Qb8 13. Rac1 Bd6 14. Rfe1 b5 15. Bc2 Bb7 16. Ne5 Re8 17. h3 Qd8 18. Bg5 Be7 19. Nxf7 Qb6 20. Ne5 Nf8 21. Be3 b4 22. Nb1 Bd5 23. Ba4 Rec8 24. Nd2 Qb7 25. f3 Rc7 26. Rxc7 Qxc7 27. Nb3 Qb6 28. Rc1 Bd6 29. Nc4 Qd8 30. Nba5 Ng6 31. Bg5 Bc7 32. Nc6 Qf8 33. Ne3 Qd6 34. Nf1 Bb6 35. Kh1 Nh5 36. Qe3 Ng3+ 37. Nxg3 Qxg3 38. Nxb4 Nf4 0-1

[Event "CAN-op"]
[Site "Sackville CAN"]
[Date "2001.07.07"]
[Round "1"]
[White "Campbell, Jamie"]
[Black "Sullivan, Brian"]
[Result "0-1"]
[WhiteElo "1349"]
[BlackElo "1739"]
[PlyCount "60"]
[GameId "2160767911563960"]
[EventDate "2001.07.07"]
[EventType "swiss"]
[EventRounds "10"]
[EventCountry "CAN"]
[SourceTitle "EXT 2006"]
[Source "ChessBase"]
[SourceDate "2005.11.24"]
[SourceVersion "1"]
[SourceVersionDate "2005.11.24"]
[SourceQuality "1"]

1. Nf3 c5 2. g3 Nf6 3. Bg2 Nc6 4. O-O g6 5. b3 Bg7 6. Bb2 O-O 7. c4 Qb6 8. Re1 d6 9. d3 Bd7 10. Nbd2 Rac8 11. e4 Qc7 12. Nf1 Bg4 13. h3 Bxf3 14. Bxf3 Nd4 15. Bxd4 cxd4 16. b4 Nd7 17. Bg2 e6 18. Rc1 e5 19. Rc2 b5 20. Nd2 Bh6 21. Nb3 bxc4 22. dxc4 Nb6 23. Na5 Na4 24. f4 Qb6 25. c5 Qxb4 26. Rc4 Qxa5 27. Rxa4 Qxc5 28. fxe5 dxe5 29. Bf1 d3+ 30. Kh1 d2 0-1

[Event "CAN-op"]
[Site "Sackville CAN"]
[Date "2001.07.07"]
[Round "1"]
[White "Chow, Vincent"]
[Black "Keshet, Ilan"]
[Result "1-0"]
[WhiteElo "2084"]
[BlackElo "1387"]
[PlyCount "31"]
[GameId "2160767911563961"]
[EventDate "2001.07.07"]
[EventType "swiss"]
[EventRounds "10"]
[EventCountry "CAN"]
[SourceTitle "EXT 2006"]
[Source "ChessBase"]
[SourceDate "2005.11.24"]
[SourceVersion "1"]
[SourceVersionDate "2005.11.24"]
[SourceQuality "1"]

1. d4 d5 2. c4 e6 3. Nc3 Nf6 4. Bg5 Be7 5. e3 a6 6. Nf3 dxc4 7. Bxc4 b5 8. Bd3 Nc6 9. Rc1 Bb7 10. O-O O-O 11. Bb1 Nd5 12. Bxe7 Ncxe7 13. Ne4 Rb8 14. Qc2 Nc6 15. Nc5 Ncb4 16. Qxh7# 1-0

[Event "CAN-op"]
[Site "Sackville CAN"]
[Date "2001.07.07"]
[Round "1"]
[White "Cooke, Mathew G"]
[Black "White, Chris"]
[Result "1-0"]
[WhiteElo "1708"]
[BlackElo "1479"]
[PlyCount "57"]
[GameId "2160767911563962"]
[EventDate "2001.07.07"]
[EventType "swiss"]
[EventRounds "10"]
[EventCountry "CAN"]
[SourceTitle "EXT 2006"]
[Source "ChessBase"]
[SourceDate "2005.11.24"]
[SourceVersion "1"]
[SourceVersionDate "2005.11.24"]
[SourceQuality "1"]

1. d4 Nf6 2. Nf3 g6 3. Bf4 Bg7 4. e3 d6 5. Bd3 O-O 6. h3 Re8 7. c3 e6 8. Qc2 Nbd7 9. Bg5 Nf8 10. Nbd2 Qd7 11. Bxf6 Bxf6 12. Ne4 Qe7 13. h4 h6 14. O-O-O d5 15. Nxf6+ Qxf6 16. Ne5 Kg7 17. f4 Nd7 18. g4 Nxe5 19. dxe5 Qe7 20. f5 exf5 21. gxf5 gxf5 22. Bxf5 Qxe5 23. Rhg1+ Kf6 24. Bg6 Bf5 25. Bxf5 Qxf5 26. Rdf1 Qxf1+ 27. Rxf1+ Kg7 28. Qg2+ Kf8 29. Qg6 1-0

[Event "CAN-op"]
[Site "Sackville CAN"]
[Date "2001.07.07"]
[Round "1"]
[White "Davidson, Brian"]
[Black "Fairbairn, Stephen"]
[Result "1/2-1/2"]
[WhiteElo "1806"]
[BlackElo "2028"]
[PlyCount "59"]
[GameId "2160767911563963"]
[EventDate "2001.07.07"]
[EventType "swiss"]
[EventRounds "10"]
[EventCountry "CAN"]
[SourceTitle "EXT 2006"]
[Source "ChessBase"]
[SourceDate "2005.11.24"]
[SourceVersion "1"]
[SourceVersionDate "2005.11.24"]
[SourceQuality "1"]

1. d4 Nf6 2. c4 g6 3. Nc3 d5 4. Bg5 Ne4 5. Nxe4 dxe4 6. e3 Bg7 7. Ne2 O-O 8. Nc3 c5 9. Nxe4 cxd4 10. exd4 Qxd4 11. Qxd4 Bxd4 12. Rb1 Bf5 13. Bd3 Nc6 14. Kd2 Rfd8 15. f3 Bg7 16. Rhd1 Rac8 17. Ke2 Bxe4 18. Bxe4 Nd4+ 19. Kf2 Rxc4 20. Bxe7 Re8 21. b3 Rcc8 22. Bg5 b6 23. Be3 Nb5 24. Rd7 Nc3 25. Rc1 f5 26. Bd5+ Nxd5 27. Rxc8 Rxc8 28. Rxd5 Rc2+ 29. Rd2 Rxd2+ 30. Bxd2 1/2-1/2

[Event "CAN-op"]
[Site "Sackville CAN"]
[Date "2001.07.07"]
[Round "1"]
[White "Demmery, Steve"]
[Black "Faust, Steven"]
[Result "1-0"]
[WhiteElo "2125"]
[BlackElo "1839"]
[PlyCount "35"]
[GameId "2160767911563964"]
[EventDate "2001.07.07"]
[EventType "swiss"]
[EventRounds "10"]
[EventCountry "CAN"]
[SourceTitle "EXT 2006"]
[Source "ChessBase"]
[SourceDate "2005.11.24"]
[SourceVersion "1"]
[SourceVersionDate "2005.11.24"]
[SourceQuality "1"]

1. d4 Nf6 2. Nf3 e6 3. g3 c5 4. Bg2 cxd4 5. Nxd4 Nc6 6. O-O a6 7. c4 Be7 8. Nc3 Qc7 9. b3 O-O 10. Bb2 Rb8 11. Rc1 b6 12. Nd5 exd5 13. cxd5 Bb7 14. dxc6 dxc6 15. Nxc6 Bxc6 16. Rxc6 Qd8 17. Be5 Rb7 18. Qxd8 1-0

[Event "CAN-op"]
[Site "Sackville CAN"]
[Date "2001.07.07"]
[Round "1"]
[White "Gillanders, Robert"]
[Black "Stevens, Christian"]
[Result "0-1"]
[WhiteElo "1813"]
[BlackElo "2028"]
[PlyCount "62"]
[GameId "2160767911563966"]
[EventDate "2001.07.07"]
[EventType "swiss"]
[EventRounds "10"]
[EventCountry "CAN"]
[SourceTitle "EXT 2006"]
[Source "ChessBase"]
[SourceDate "2005.11.24"]
[SourceVersion "1"]
[SourceVersionDate "2005.11.24"]
[SourceQuality "1"]

1. d4 d5 2. c4 e6 3. Nf3 Nf6 4. Nc3 Be7 5. e3 O-O 6. Bd3 dxc4 7. Bxc4 c5 8. O-O Nbd7 9. e4 cxd4 10. Nxd4 Ne5 11. Be2 Bd7 12. Be3 Rc8 13. f3 Nc4 14. Bf2 a6 15. Rc1 e5 16. Bxc4 Rxc4 17. Nc2 Be6 18. Qe2 Qb8 19. Rfd1 Rcc8 20. Ne3 Bc5 21. Ncd5 Bxd5 22. exd5 Rfd8 23. Nf5 Bxf2+ 24. Qxf2 Rxc1 25. Rxc1 Nxd5 26. Qc5 Nf4 27. Qe3 g6 28. Nh6+ Kg7 29. Ng4 Rd5 30. Re1 Rd3 31. Qxe5+ Qxe5 0-1

[Event "CAN-op"]
[Site "Sackville CAN"]
[Date "2001.07.07"]
[Round "1"]
[White "Goldenberg, Danny"]
[Black "Morabito, Matthew"]
[Result "1-0"]
[WhiteElo "2321"]
[BlackElo "1915"]
[PlyCount "45"]
[GameId "2160767911563967"]
[EventDate "2001.07.07"]
[EventType "swiss"]
[EventRounds "10"]
[EventCountry "CAN"]
[SourceTitle "EXT 2006"]
[Source "ChessBase"]
[SourceDate "2005.11.24"]
[SourceVersion "1"]
[SourceVersionDate "2005.11.24"]
[SourceQuality "1"]

1. e4 c5 2. Nf3 Nc6 3. d4 cxd4 4. Nxd4 e6 5. Nc3 Qc7 6. Be3 a6 7. Bd3 Nge7 8. O-O Nxd4 9. Bxd4 Nc6 10. Be3 b5 11. f4 Na5 12. Kh1 Bb7 13. Qe2 Rc8 14. Nd1 Nc4 15. Bd4 d5 16. e5 Bc5 17. c3 O-O 18. b3 Nb6 19. f5 b4 20. f6 g6 21. Qe3 Rfd8 22. cxb4 Bxd4 23. Qh6 1-0

[Event "CAN-op"]
[Site "Sackville CAN"]
[Date "2001.07.07"]
[Round "1"]
[White "Golts, Roman"]
[Black "Chranowski, Rick"]
[Result "1/2-1/2"]
[WhiteElo "2292"]
[BlackElo "1913"]
[PlyCount "65"]
[GameId "2160767911563968"]
[EventDate "2001.07.07"]
[EventType "swiss"]
[EventRounds "10"]
[EventCountry "CAN"]

1. e4 b6 2. d4 Bb7 3. Nc3 e6 4. Nf3 Bb4 5. Bd3 Nf6 6. Qe2 d5 7. e5 Ne4 8. Bd2 Nxd2 9. Nxd2 Bxc3 10. bxc3 c5 11. Qg4 g6 12. O-O Ba6 13. dxc5 Bxd3 14. cxd3 bxc5 15. Qa4+ Qd7 16. Qa5 Qc6 17. c4 Nd7 18. Rfe1 O-O 19. cxd5 exd5 20. Rac1 Rfc8 21. Nb3 Rab8 22. Qd2 Qe6 23. Qe3 d4 24. Qg5 Rb6 25. Nxd4 Qxa2 26. Nf5 Re8 27. Nd6 f6 28. Qg4 Nxe5 29. Rxe5 Rxe5 30. Qc8+ Kg7 31. Qd7+ Kf8 32. Qd8+ Kg7 33. Qd7+ 1/2-1/2

[Event "CAN-op"]
[Site "Sackville CAN"]
[Date "2001.07.07"]
[Round "1"]
[White "Haley, Phil"]
[Black "Mayo, Alvah"]
[Result "0-1"]
[WhiteElo "1883"]
[BlackElo "2204"]
[PlyCount "120"]
[GameId "2160767911563969"]
[EventDate "2001.07.07"]
[EventType "swiss"]
[EventRounds "10"]
[EventCountry "CAN"]
[SourceTitle "EXT 2006"]
[Source "ChessBase"]
[SourceDate "2005.11.24"]
[SourceVersion "1"]
[SourceVersionDate "2005.11.24"]
[SourceQuality "1"]

1. d4 g6 2. Nf3 Bg7 3. Bf4 c5 4. e3 Qb6 5. b3 Nc6 6. c3 Nf6 7. Nbd2 d5 8. Be2 Bf5 9. h3 cxd4 10. exd4 Ne4 11. Nxe4 Bxe4 12. O-O Bxf3 13. Bxf3 e6 14. Qd2 O-O 15. Rfe1 Qa5 16. Rad1 Rac8 17. Re2 Qd8 18. Rde1 Qd7 19. Bg4 Rfe8 20. Qd3 a6 21. h4 b5 22. b4 a5 23. a3 axb4 24. axb4 Nd8 25. h5 Nb7 26. hxg6 hxg6 27. Re3 Rc4 28. Rh3 Nd6 29. Bf3 Rec8 30. Bd2 Rf8 31. g4 Nc8 32. Qf1 Nd6 33. Qg2 Ra8 34. Qh2 Qd8 35. Bh6 Bf6 36. Bg5 Rxc3 37. Rh8+ Bxh8 38. Bxd8 Rxd8 39. Bg2 Bxd4 40. Qh4 Rf8 41. Qe7 Nc8 42. Qd7 Rc2 43. Rf1 Na7 44. Bf3 Nc6 45. Qb7 Rb8 46. Qc7 Be5 47. Qd7 Nxb4 48. Qe7 Nc6 49. Qg5 Nd4 50. Bd1 Bg7 51. Kg2 Rc4 52. Rh1 Ra8 53. Qe7 b4 54. Qb7 Rac8 55. g5 Bf8 56. Rh3 Nf5 57. Ba4 Rg4+ 58. Kf3 Nd6 59. Qa7 Rxg5 60. Qd4 Rc3+ 0-1

[Event "CAN-op"]
[Site "Sackville CAN"]
[Date "2001.07.07"]
[Round "1"]
[White "Josephs, Steven"]
[Black "Gaspariants, Vladimir"]
[Result "0-1"]
[WhiteElo "1913"]
[BlackElo "2299"]
[PlyCount "45"]
[GameId "2160767911563970"]
[EventDate "2001.07.07"]
[EventType "swiss"]
[EventRounds "10"]
[EventCountry "CAN"]
[SourceTitle "EXT 2006"]
[Source "ChessBase"]
[SourceDate "2005.11.24"]
[SourceVersion "1"]
[SourceVersionDate "2005.11.24"]
[SourceQuality "1"]

1. g3 g6 2. Bg2 Bg7 3. Nf3 e5 4. O-O Nc6 5. d3 d5 6. Nbd2 Nge7 7. e4 O-O 8. Qe1 h6 9. exd5 Nxd5 10. Nc4 Re8 11. c3 Bf5 12. Qd2 Qd7 13. b4 Nxc3 14. Bb2 Nb5 15. a4 Nbd4 16. b5 Nxf3+ 17. Bxf3 Nd4 18. Bxd4 Qxd4 19. Bxb7 Rad8 20. Rfc1 e4 21. Ne3 Qxd3 22. Qxd3 exd3 23. Rab1 0-1

[Event "CAN-op"]
[Site "Sackville CAN"]
[Date "2001.07.07"]
[Round "1"]
[White "Kekely, John"]
[Black "Yee, Lorne"]
[Result "0-1"]
[WhiteElo "1903"]
[BlackElo "2230"]
[PlyCount "58"]
[GameId "2160767911563971"]
[EventDate "2001.07.07"]
[EventType "swiss"]
[EventRounds "10"]
[EventCountry "CAN"]
[SourceTitle "EXT 2006"]
[Source "ChessBase"]
[SourceDate "2005.11.24"]
[SourceVersion "1"]
[SourceVersionDate "2005.11.24"]
[SourceQuality "1"]

1. e4 c6 2. d4 d5 3. Nc3 dxe4 4. Nxe4 Bf5 5. Ng3 Bg6 6. Nf3 Nd7 7. Bc4 e6 8. Bf4 Be7 9. Qe2 Ngf6 10. O-O-O Nd5 11. Bd2 O-O 12. h4 h6 13. Rh3 Qc7 14. Ne5 Nxe5 15. dxe5 b5 16. h5 Bxc2 17. Kxc2 bxc4 18. Qxc4 Qxe5 19. Re1 Qc7 20. Qg4 f5 21. Qc4 e5 22. Nf1 Kh8 23. Rd3 Rad8 24. Rd1 e4 25. Rg3 Bf6 26. Kb1 Rb8 27. Rb3 Rxb3 28. Qxb3 Rb8 29. Qa3 Bxb2 0-1

[Event "CAN-op"]
[Site "Sackville CAN"]
[Date "2001.07.07"]
[Round "1"]
[White "Kirby, Patrick"]
[Black "Poirier, David"]
[Result "0-1"]
[WhiteElo "2228"]
[BlackElo "1880"]
[PlyCount "84"]
[GameId "2160767911563972"]
[EventDate "2001.07.07"]
[EventType "swiss"]
[EventRounds "10"]
[EventCountry "CAN"]

1. d4 d5 2. c4 e6 3. Nf3 c6 4. Nc3 Nf6 5. Bg5 h6 6. Bh4 Be7 7. e3 Nbd7 8. Qc2 a6 9. Rd1 b5 10. c5 Qa5 11. a3 b4 12. axb4 Qxb4 13. Bd3 a5 14. O-O Ba6 15. Bxa6 Rxa6 16. Ra1 Bd8 17. Ra4 Qb7 18. Rfa1 O-O 19. b4 Bc7 20. Bg3 Rfa8 21. Bxc7 Qxc7 22. b5 cxb5 23. Nxb5 Qc6 24. Qd3 Ne4 25. Nc3 Nexc5 26. dxc5 Nxc5 27. Qe2 Nxa4 28. Nxa4 R6a7 29. Nd4 Qd6 30. Nb5 Qe5 31. Rc1 Rb7 32. Nc5 Rc8 33. f4 Qb8 34. Na3 Rb2 35. Qa6 Qa8 36. Qxa8 Rxa8 37. Rb1 Rab8 38. Rxb2 Rxb2 39. Kf1 Kf8 40. h4 Ke7 41. g4 Kd6 42. Na6 Rb6 0-1

[Event "CAN-op"]
[Site "Sackville CAN"]
[Date "2001.07.07"]
[Round "1"]
[White "Kleist, Frederick"]
[Black "Gustafson, Dale"]
[Result "1-0"]
[WhiteElo "2170"]
[BlackElo "1860"]
[PlyCount "79"]
[GameId "2160767911563973"]
[EventDate "2001.07.07"]
[EventType "swiss"]
[EventRounds "10"]
[EventCountry "CAN"]
[SourceTitle "EXT 2006"]
[Source "ChessBase"]
[SourceDate "2005.11.24"]
[SourceVersion "1"]
[SourceVersionDate "2005.11.24"]
[SourceQuality "1"]

1. d4 Nf6 2. c4 c5 3. d5 b5 4. cxb5 a6 5. f3 e6 6. e4 d6 7. Nc3 Be7 8. Bc4 e5 9. Nge2 O-O 10. O-O axb5 11. Bxb5 Ba6 12. Bxa6 Nxa6 13. Be3 Qa5 14. Qd2 Rfb8 15. a3 Nc7 16. Rfb1 Qa6 17. Nc1 Nb5 18. Nxb5 Qxb5 19. b3 Bd8 20. Qd3 Ba5 21. b4 Qxd3 22. Nxd3 cxb4 23. axb4 Bc7 24. Rc1 Rxa1 25. Rxa1 Kf8 26. Kf2 Ne8 27. g4 f6 28. Ra6 h6 29. h4 g5 30. h5 Ke7 31. Ke2 Kd7 32. Kd2 Kc8 33. Kc3 Kb7 34. b5 Rc8 35. Kb3 Bb8 36. Rb6+ Ka8 37. Rc6 Kb7 38. Rxc8 Kxc8 39. b6 Kb7 40. Nb4 1-0

[Event "CAN-op"]
[Site "Sackville CAN"]
[Date "2001.07.07"]
[Round "1"]
[White "Lipnowski, Irwin"]
[Black "Husic, Elvis"]
[Result "1-0"]
[WhiteElo "2341"]
[BlackElo "1935"]
[PlyCount "59"]
[GameId "2160767911563974"]
[EventDate "2001.07.07"]
[EventType "swiss"]
[EventRounds "10"]
[EventCountry "CAN"]
[SourceTitle "EXT 2006"]
[Source "ChessBase"]
[SourceDate "2005.11.24"]
[SourceVersion "1"]
[SourceVersionDate "2005.11.24"]
[SourceQuality "1"]

1. e4 c6 2. c4 e5 3. Nf3 Nf6 4. Nc3 d6 5. d4 exd4 6. Qxd4 Be7 7. Bf4 c5 8. Qd3 Nh5 9. Be3 O-O 10. Be2 Nc6 11. O-O f5 12. Rad1 Nb4 13. Qb1 Bd7 14. e5 Qb8 15. Bxc5 dxc5 16. Rxd7 Qe8 17. Rxb7 Nf4 18. Rd1 Rd8 19. Bf1 g5 20. h3 h5 21. Nd5 Nbxd5 22. cxd5 g4 23. hxg4 hxg4 24. Nh2 Bh4 25. Nxg4 Qg6 26. f3 Bg3 27. Bd3 Qh5 28. Bxf5 Rxf5 29. Qxf5 Qxf5 30. Nh6+ 1-0

[Event "CAN-op"]
[Site "Sackville CAN"]
[Date "2001.07.07"]
[Round "1"]
[White "Lipnowski, Samuel"]
[Black "Erickson, John"]
[Result "1-0"]
[WhiteElo "2080"]
[BlackElo "1807"]
[PlyCount "86"]
[GameId "2160767911563975"]
[EventDate "2001.07.07"]
[EventType "swiss"]
[EventRounds "10"]
[EventCountry "CAN"]
[SourceTitle "EXT 2006"]
[Source "ChessBase"]
[SourceDate "2005.11.24"]
[SourceVersion "1"]
[SourceVersionDate "2005.11.24"]
[SourceQuality "1"]

1. e4 c5 2. Nf3 d6 3. d4 cxd4 4. Nxd4 Nc6 5. Nc3 g6 6. Be3 Bg7 7. Qd2 Nxd4 8. Bxd4 Nf6 9. O-O-O O-O 10. Kb1 a6 11. f3 b5 12. Nd5 Nxd5 13. Bxg7 Kxg7 14. exd5 Qb6 15. g4 b4 16. h4 Bd7 17. h5 Rh8 18. Bd3 Qd4 19. Qe2 Qxd5 20. Bxg6 Qe6 21. Qxe6 Bxe6 22. Bd3 h6 23. Rhe1 a5 24. Re3 Ra7 25. Rde1 Rc8 26. f4 Rcc7 27. Rxe6 fxe6 28. Rxe6 Rc5 29. Rg6+ Kf8 30. Rxh6 a4 31. Rh8+ Kg7 32. Rb8 b3 33. axb3 axb3 34. Rxb3 Rca5 35. Kc1 Ra1+ 36. Kd2 Rg1 37. g5 d5 38. h6+ Kf7 39. Rb8 Rh1 40. g6+ Kf6 41. g7 Rh2+ 42. Ke3 Rh3+ 43. Kf2 Rxd3 1-0

[Event "CAN-op"]
[Site "Sackville CAN"]
[Date "2001.07.07"]
[Round "1"]
[White "Michaud, Gerald"]
[Black "Chang, Martin1"]
[Result "1-0"]
[WhiteElo "2077"]
[BlackElo "1829"]
[PlyCount "157"]
[GameId "2160767911563976"]
[EventDate "2001.07.07"]
[EventType "swiss"]
[EventRounds "10"]
[EventCountry "CAN"]
[SourceTitle "EXT 2006"]
[Source "ChessBase"]
[SourceDate "2005.11.24"]
[SourceVersion "1"]
[SourceVersionDate "2005.11.24"]
[SourceQuality "1"]

1. d4 d5 2. e3 Nf6 3. Bd3 g6 4. Nd2 Bg7 5. Ngf3 O-O 6. O-O Nbd7 7. b3 c5 8. Bb2 b6 9. Qe2 Qc7 10. Rac1 Bb7 11. c4 Rac8 12. dxc5 bxc5 13. cxd5 Nxd5 14. Bxg7 Kxg7 15. Bc4 e6 16. Rfd1 N7f6 17. Bd3 Qb8 18. Bb1 Rfd8 19. Nc4 Ba6 20. Qc2 Nd7 21. e4 Nf4 22. g3 Nh5 23. Qc3+ f6 24. e5 Bxc4 25. exf6+ Nhxf6 26. Qxc4 Ne5 27. Nxe5 Qxe5 28. Re1 Qd5 29. Rxe6 Qxc4 30. bxc4 Kf7 31. Rce1 Rc7 32. Bc2 Rd2 33. R6e2 Rcd7 34. f3 R2d4 35. Kf2 Rd2 36. Ba4 Rxe2+ 37. Rxe2 Rb7 38. Ke1 Re7 39. Bc6 Rxe2+ 40. Kxe2 Ke7 41. Ke3 Kd6 42. Be4 Ke6 43. Kf4 a5 44. Bc6 h6 45. Ke3 g5 46. Be4 g4 47. f4 h5 48. Bg6 Kd6 49. Bf5 Ne8 50. Kd3 Nf6 51. h3 h4 52. Ke3 gxh3 53. Bxh3 hxg3 54. Kf3 Ke7 55. Bg2 Ne8 56. Kxg3 Nd6 57. Bd5 Kf6 58. Kf3 Nf5 59. Be4 Nd6 60. Bd3 Nf7 61. Ke4 Ke6 62. f5+ Kd6 63. Kf4 Ne5 64. Be2 Nf7 65. Bf3 Ne5 66. Bd5 Nd7 67. Kg5 Ke7 68. Be6 Nf8 69. Kf4 Kf6 70. Ke4 Nxe6 71. fxe6 Kxe6 72. a4 Kf6 73. Kd5 Kf5 74. Kxc5 Ke5 75. Kb6 Kd4 76. c5 Kc4 77. c6 Kb4 78. c7 Kxa4 79. c8=Q 1-0

[Event "CAN-op"]
[Site "Sackville CAN"]
[Date "2001.07.07"]
[Round "1"]
[White "Miller, Brian"]
[Black "Nunes, Garvin"]
[Result "1/2-1/2"]
[WhiteElo "1792"]
[BlackElo "1794"]
[PlyCount "39"]
[GameId "2160767911563978"]
[EventDate "2001.07.07"]
[EventType "swiss"]
[EventRounds "10"]
[EventCountry "CAN"]
[SourceTitle "EXT 2006"]
[Source "ChessBase"]
[SourceDate "2005.11.24"]
[SourceVersion "1"]
[SourceVersionDate "2005.11.24"]
[SourceQuality "1"]

1. d4 Nf6 2. c4 g6 3. Nc3 d5 4. Bg5 Ne4 5. Nxe4 dxe4 6. f3 Bg7 7. e3 c5 8. fxe4 cxd4 9. exd4 Qxd4 10. Qxd4 Bxd4 11. O-O-O Nc6 12. Nf3 Bg7 13. h3 b6 14. Bd3 Bb7 15. Bc2 Nb4 16. Ba4+ Bc6 17. Bxc6+ Nxc6 18. Rd2 Rd8 19. Rhd1 Rxd2 20. Rxd2 1/2-1/2

[Event "CAN-op"]
[Site "Sackville CAN"]
[Date "2001.07.07"]
[Round "1"]
[White "O'Donnell, Tom"]
[Black "Taylor, William"]
[Result "1-0"]
[WhiteElo "2454"]
[BlackElo "1953"]
[PlyCount "79"]
[GameId "2160767911563980"]
[EventDate "2001.07.07"]
[EventType "swiss"]
[EventRounds "10"]
[EventCountry "CAN"]

1. e4 Nf6 2. e5 Nd5 3. d4 d6 4. Nf3 Bg4 5. Be2 e6 6. O-O dxe5 7. Nxe5 Bxe2 8. Qxe2 Bd6 9. c4 Nf6 10. Bg5 h6 11. Bh4 g5 12. Bg3 c6 13. Nc3 Qe7 14. c5 Bc7 15. b4 Nbd7 16. Nxf7 Kxf7 17. Bxc7 Nxc5 18. bxc5 Qxc7 19. f4 gxf4 20. Rae1 Rae8 21. Ne4 Nxe4 22. Qxe4 Kg7 23. Rxf4 Rhf8 24. Rg4+ Kh8 25. Qg6 Qh7 26. Qh5 Rg8 27. Rxg8+ Rxg8 28. Qe5+ Qg7 29. Qxg7+ Kxg7 30. Rxe6 Rf8 31. Re7+ Rf7 32. Rxf7+ Kxf7 33. Kf2 Kg6 34. g4 b6 35. d5 Kf6 36. dxc6 Ke6 37. cxb6 axb6 38. h4 Kd6 39. g5 hxg5 40. h5 1-0